| Tag |
First Indicator |
Second Indicator |
Subfields |
| LEADER |
00000cam a22000004a 4500 |
| 001 |
in00001754325 |
| 005 |
20151025070315.0 |
| 008 |
030530s2002 nyuab b 001 0 eng |
| 010 |
|
|
|a 2002067255
|
| 019 |
|
|
|a 50858535
|
| 020 |
|
|
|a 0786710098
|
| 035 |
|
|
|a (OCoLC)ocm49627723
|
| 040 |
|
|
|a DLC
|c DLC
|d TXA
|d UtOrBLW
|
| 042 |
|
|
|a pcc
|
| 043 |
|
|
|a e-gx---
|a ee-----
|a ew-----
|
| 049 |
|
|
|a TXAM
|
| 050 |
0 |
0 |
|a D793
|b .M34 2002
|
| 082 |
0 |
0 |
|a 940.54/1343
|2 21
|
| 100 |
1 |
|
|a McCarthy, Peter,
|d 1974-
|
| 245 |
1 |
0 |
|a Panzerkrieg :
|b the rise and fall of Hitler's tank divisions /
|c Peter McCarthy & Mike Syron.
|
| 250 |
|
|
|a 1st Carroll & Graf ed.
|
| 264 |
|
1 |
|a New York :
|b Carroll & Graf Publishers,
|c 2002.
|
| 300 |
|
|
|a xv, 332 pages :
|b illustrations, maps ;
|c 25 cm.
|
| 336 |
|
|
|a text
|b txt
|2 rdacontent
|
| 337 |
|
|
|a unmediated
|b n
|2 rdamedia
|
| 338 |
|
|
|a volume
|b nc
|2 rdacarrier
|
| 504 |
|
|
|a Includes bibliographical references (pages 297-298) and index.
|
| 650 |
|
0 |
|a World War, 1939-1945
|x Tank warfare.
|
| 650 |
|
0 |
|a World War, 1939-1945
|z Germany.
|
| 650 |
|
0 |
|a Tank warfare
|x History
|y 20th century.
|
| 650 |
|
0 |
|a World War, 1939-1945
|x Campaigns
|z Eastern Front.
|
| 650 |
|
0 |
|a World War, 1939-1945
|x Campaigns
|z Western Front.
|
| 700 |
1 |
|
|a Syron, Mike,
|d 1977-
|
| 948 |
|
|
|a cataloged
|b h
|c 2003/6/26
|d c
|e mphillip
|f 5:47:04 pm
|
| 994 |
|
|
|a E0
|b TXA
|
| 999 |
|
|
|a MARS
|
| 999 |
f |
f |
|s 728275cc-d0da-3c39-a76e-bed160c20b45
|i a3bcc41f-130d-3438-aef9-a29cefdd8138
|t 0
|
| 952 |
f |
f |
|p normal
|a Texas A&M University
|b College Station
|c Sterling C. Evans Library
|d Evans: Library Stacks
|t 0
|e D793 .M34 2002
|h Library of Congress classification
|i unmediated -- volume
|m A14830241803
|
| 998 |
f |
f |
|a D793 .M34 2002
|t 0
|l Evans: Library Stacks
|